Представление документа в формате RUSMARC

ПолеНазваниеЗначение
  Тип записи a
  Библиографический уровень a
001 Контрольный номер UONB/MAIN/9fc9714aef8a4b73aca7d2930a2ba717
005 Дата корректировки 20260325103306.9
100 Данные общей обработки __
a Данные общей обработки 20260324 ||| 0rusy0189 ca
101 Язык документа 0_
a Язык текста rus
102 Страна публикации __
a Страна публикации RU
200 Заглавие и сведения об ответственности 1_
a Заглавие Краснодеревщик с улицы Героя
f Первые сведения об ответственности Е. Старостин
203 Вид содержания и тип средства __
a Вид содержания Текст
b Характеристика содержания визуальный
c Тип средства непосредственный
215 Физическое описание __
c Иллюстрации/тип воспроизводства ил., фот.
300 Общие примечания __
a Общие примечания Окончание в следующем номере
330 Аннотация __
a Аннотация Краснодеревщики из Майнского района. Г. Маравин - летописец семьи Маравиных. Маравины - участники Великой Отечественной войны.
461 Уровень набора _0
1 2000
a Ленинец
463 Уровень физической единицы _0
1 2000
a № 6 (10943) (11 февраля)
v С. 5
1 2101
d 2026
1 001UONB/MAIN/3c870fac4bcf47258fca8c5134b36d80
600 Персоналии _1
a Персоналии (Фамилия) Маравин
b Персоналии (Имя, инициалы) А. Х.
g Полное имя Александр Харитонович
600 Персоналии _1
a Персоналии (Фамилия) Маравин
b Персоналии (Имя, инициалы) А. Д.
g Полное имя Александр Данилович
600 Персоналии _1
a Персоналии (Фамилия) Маравин
b Персоналии (Имя, инициалы) А. А.
g Полное имя Александр Алексеевич
600 Персоналии _1
a Персоналии (Фамилия) Маравин
b Персоналии (Имя, инициалы) Г.
g Полное имя Геннадий
610 Ключевые слова 0_
a Ключевые слова краснодеревщики; семьи; участники Великой Отечественной войны; семейные фотографии
686 Индексы других классификаций __
a Классификационный индекс 63.372.278
700 Автор _1
a Фамилия Старостин
b Имя (инициалы) Е.
g Полное личное имя Евгений
801 Источник записи _0
a Страна RU
b Организация Ульяновская ОНБ
c Дата составления 20260324
g Правила каталогизации RCR
801 Источник записи _1
a Страна RU
b Организация Ульяновская ОНБ
c Дата составления 20260324
g Правила каталогизации RCR
901 Тип документа __
t Тип документа f
w Контрольный № источника UONB/MAIN/3c870fac4bcf47258fca8c5134b36d80
909 Создатель записи __
a Создатель записи Кулагина
b Дата создания записи 20260324